LEADER 01386nam a2200301 i 4500 001 000000059209 003 CaOOAMICUS 005 20240405101953.0 008 080410n it u000 u ita u 013 $a30381 040 $aSeMil$bita 100 1 $a?echov, Anton Pavlovi?,$d<1860-1904>.$0(OLS)http://semarc/name/1556 245 10$aDurante la Settimana Santa :$bed altri racconti /$cAntòn Cechov ; Traduzione di Agostino Villa ; Ritratto di Helmut Ackermann ; Illustrazioni originali di Eduard Prüssen. 260 $aGinevra :$bEditio-Service,$c[S.d.] 260 $aTorino :$bGiulio Einaudi,$c[S.d.] 300 $a319 p. ;$c21 cm. 490 0 $aI classici russi 500 $aAi piè del front : Distribuito da Orpheus Libri. 700 1 $aPrüssen, Eduard.$0(OLS)http://semarc/name/30226 700 1 $aAckermann, Helmut.$0(OLS)http://semarc/name/30225 700 1 $aVilla, Agostino.$0(OLS)http://semarc/name/3625 830 2$aI classici russi.$0(OLS)http://semarc/title/21428 850 $aSeMil 852 $aSeMil$W1$xVenegono$y1$m1V IV 116$j25362$B25362$CSeMilBibl$Z2$F25365 $81 996 $6245$aDurante la Settimana Santa :$bed altri racconti$9(OLS)http://semarc/title/92473 996 $6260$aTorino :$bGiulio Einaudi$9(OLS)http://semarc/publisher/29810 996 $6260$aGinevra :$bEditio-Service$9(OLS)http://semarc/publisher/34349 LEADER 01211nam a2200205 i 4500 001 000000200031 003 CaOOAMICUS 005 20110401000000.0 008 110401s1954 it u000 u ita u 013 $a178729 040 $aSeMil$bita 245 10$aSystema digestorium, Systema respiratorium, Systema urogenitale, Systema vasorum 1 :$bcosidetti visceri del corpo umano, cuore compreso /$ctraduzione italiana sulla 13. ed. tedesca a cura del Dott. Luigi De Leonardis. 300 $aXII, 226 p. 500 $aCon 110 tavole a colori, 102 in nero e 31 figure in parte a colori nel testo secondo gli originali del pittore K. Hajek e della signorina Wolff-Malm (Wiesbaden). 700 1 $aDe Leonardis, Luigi.$0(OLS)http://semarc/name/72337 700 1 $aSobotta, Johannes.$0(OLS)http://semarc/name/10920 773 0 $aSobotta, Johannes$tAtlante di anatomia descrittiva dell'uomo.$dFirenze : Sansoni, 1953-1954.$g2$w()24666 850 $aSeMil 852 $aSeMil$W1$xVenegono$y1$m3XP IV 14$j150565$B150565$CSeMilBibl$Z2$F161908 $81 996 $6245$aSystema digestorium, Systema respiratorium, Systema urogenitale, Systema vasorum 1 :$bcosidetti visceri del corpo umano, cuore compreso$9(OLS)http://semarc/title/289234